000 00616nam a2200121Ia 4500
008 220620s9999||||xx |||||||||||||| ||und||
100 _aBélanger, Paul
245 0 _aTheories in Adult Learning and Education
546 _aEnglish[eng]
650 _aAdult Learning||Adult Education theoretical background||Behaviorism||Constructivism (philosophy of education)
856 _uhttps://library.oapen.org/bitstream/20.500.12657/29454/1/9783866496828.pdf||https://library.oapen.org/bitstream/20.500.12657/29454/1/9783866496828.pdf||https://library.oapen.org/bitstream/20.500.12657/29454/1/9783866496828.pdf
942 _cEB
999 _c28587
_d28587